Premier League top scorer per season since 1992 - Statistics

General Stats
  • This quiz has been taken 8 times
  • The average score is 20 of 30
Answer Stats
Hint Answer Goals % Correct
2018 Mohamed Salah 32
100%
2019 Pierre-Emerick Aubameyang, Sadio Mané, Mohamed Salah 22
100%
1995 Alan Shearer 34
86%
1996 Alan Shearer 31
86%
1997 Alan Shearer 25
86%
2012 Robin van Persie 30
86%
2013 Robin van Persie 26
86%
2002 Thierry Henry 24
86%
2004 Thierry Henry 30
86%
2005 Thierry Henry 25
86%
2006 Thierry Henry 27
86%
1994 Andy Cole 34
71%
2007 Didier Drogba 20
71%
2010 Didier Drogba 29
71%
2009 Nicolas Anelka 19
71%
2003 Ruud van Nistelrooy 25
71%
2015 Sergio Aguero 26
71%
2011 Carlos Tevez, Dimitar Berbatov 20
57%
2016 Harry Kane 25
57%
2017 Harry Kane 29
57%
2021 Harry Kane 23
57%
2020 Jamie Vardy 23
57%
2001 Jimmy Hasselbaink 23
57%
2014 Luis Suarez 31
57%
1999 Michael Owen, Dwight York, Jimmy Hasselbaink 18
57%
2008 Cristiano Ronaldo 31
43%
1998 Dion Dublin, Michael Owen, Chris Sutton 18
43%
1993 Teddy Sheringham 22
43%
2000 Kevin Phillips 30
29%
1992 Ian Wright 29
0%
No matching quizzes found
Score Distribution
Percent of People with Each Score
Percentile by Number Answered
Your Score History
You have not taken this quiz